[Event "Barcelona Sant Marti op-A 23rd"]
[Site "Barcelona"]
[Date "2023.07.14"]
[Round "2"]
[White "Torrent San Nicolas, Biel"]
[Black "Marcos Rodriguez, Raul"]
[Result "1/2-1/2"]
[WhiteElo "1968"]
[BlackElo "1754"]
[PlyCount "78"]
[EventDate "2023.07.13"]
[EventType "swiss"]
[EventRounds "9"]
[EventCountry "ESP"]
[SourceTitle "CBM 215 Extra"]
[Source "ChessBase"]
[SourceDate "2023.09.30"]
[SourceVersion "1"]
[SourceVersionDate "2023.09.30"]
[SourceQuality "1"]

1. e4 c5 2. Nf3 g6 3. d4 cxd4 4. Qxd4 Nf6 5. Nc3 Nc6 6. Qa4 d6 7. e5 dxe5 8. Nxe5 Bd7 9. Nxd7 Qxd7 10. Be3 Bg7 11. Be2 0-0 12. 0-0 Ne5 13. Qb4 a5 14. Qb6 Qc6 15. Qb3 a4 16. Qb4 a3 17. bxa3 Rfc8 18. Bd4 Nd5 19. Nxd5 Qxd5 20. c3 Nc6 21. Qxb7 Rab8 22. Bf3 Qd6 23. Bxc6 Rxb7 24. Bxb7 Rb8 25. Bxg7 Kxg7 26. Rab1 Qxa3 27. c4 Qa7 28. Be4 Rc8 29. Rb7 Qxa2 30. Bd5 Kf6 31. Re1 e6 32. Rxf7+ Kxf7 33. Bxe6+ Kf6 34. Bxc8 Qxc4 35. Bh3 g5 36. g3 h5 37. Bg2 Qb4 38. Rd1 h4 39. gxh4 Qxh4 1/2-1/2

[Event "ESP-ch U14 Rapid"]
[Site "Salobrena"]
[Date "2022.07.23"]
[Round "4"]
[White "Gomez Salva, Roberto"]
[Black "Marcos Rodriguez, Raul"]
[Result "0-1"]
[WhiteElo "1337"]
[BlackElo "1656"]
[PlyCount "92"]
[EventDate "2022.07.23"]
[EventType "swiss (rapid)"]
[EventRounds "9"]
[EventCountry "ESP"]
[SourceTitle "EXT 2023"]
[Source "ChessBase"]
[SourceDate "2022.10.05"]
[SourceVersion "1"]
[SourceVersionDate "2022.10.05"]
[SourceQuality "1"]

1. e4 c5 2. Nc3 Nc6 3. f4 e6 4. Nf3 d5 5. Bb5 d4 6. Ne2 Bd7 7. 0-0 a6 8. Bxc6 Bxc6 9. d3 Ne7 10. Qe1 Qd7 11. Ne5 Qc7 12. Nxc6 Nxc6 13. f5 e5 14. f6 g6 15. g4 0-0-0 16. Bd2 h5 17. g5 Qd7 18. h4 Bd6 19. a3 Kb8 20. Qg3 Rc8 21. Rfb1 Nd8 22. b3 Ne6 23. Kf2 Bc7 24. b4 cxb4 25. Rxb4 Bd6 26. Rb2 Nc5 27. Rab1 Rc7 28. Ba5 Rc6 29. Bb4 Rhc8 30. Bxc5 Rxc5 31. Rxb7+ Qxb7 32. Rxb7+ Kxb7 33. Nxd4 Rd8 34. Nf3 Rxc2+ 35. Ke1 Rc5 36. Kd2 Ra5 37. Qe1 Rxa3 38. Qb1+ Kc6 39. Qc1+ Kb6 40. Nxe5 Ra2+ 41. Ke3 Bxe5 42. Qc4 Rb2 43. Qxf7 Bd4+ 44. Kf3 Rf2+ 45. Kg3 Bc5 46. Qxg6 Rxd3# 0-1

[Event "Barcelona Sant Marti op-B 21st"]
[Site "Barcelona"]
[Date "2019.07.21"]
[Round "9"]
[White "Marcos Rodriguez, Raul"]
[Black "Garcia Raschke, Hernan"]
[Result "1-0"]
[WhiteElo "1354"]
[BlackElo "1142"]
[PlyCount "43"]
[EventDate "2019.07.13"]
[EventType "swiss"]
[EventRounds "9"]
[EventCountry "ESP"]
[SourceTitle "EXT 2020"]
[Source "ChessBase"]
[SourceDate "2019.10.17"]
[SourceVersion "1"]
[SourceVersionDate "2019.10.17"]
[SourceQuality "1"]

1. e4 e5 2. Nf3 Nc6 3. Bc4 Nf6 4. d3 Bc5 5. Be3 d6 6. Bxc5 dxc5 7. Nc3 a6 8. a4 0-0 9. 0-0 Bg4 10. Qe2 Nd4 11. Qd1 Nh5 12. Nd5 Nf4 13. Nxf4 exf4 14. c3 Nxf3+ 15. gxf3 Bh3 16. Kh1 Bxf1 17. Qxf1 Qd6 18. Qg2 Qg6 19. Qxg6 hxg6 20. Rg1 Kh7 21. Rg4 f5 22. Rh4# 1-0

[Event "Barcelona Sant Marti op-B 21st"]
[Site "Barcelona"]
[Date "2019.07.16"]
[Round "4"]
[White "Marcos Rodriguez, Raul"]
[Black "Rovira Puig, Ricardo"]
[Result "1-0"]
[WhiteElo "1354"]
[BlackElo "1114"]
[PlyCount "75"]
[EventDate "2019.07.13"]
[EventType "swiss"]
[EventRounds "9"]
[EventCountry "ESP"]
[SourceTitle "EXT 2020"]
[Source "ChessBase"]
[SourceDate "2019.10.17"]
[SourceVersion "1"]
[SourceVersionDate "2019.10.17"]
[SourceQuality "1"]

1. e4 e6 2. d4 d5 3. Bd3 Bd7 4. Nf3 c5 5. exd5 exd5 6. 0-0 Bd6 7. Re1+ Ne7 8. dxc5 Bxc5 9. Nc3 0-0 10. Be3 Bb4 11. a3 Bxc3 12. bxc3 Bg4 13. Bxh7+ Kh8 14. Bd3 Nd7 15. h3 Bf5 16. Bxf5 Nxf5 17. Qxd5 Nxe3 18. Qh5+ Kg8 19. Ng5 Nf6 20. Qe2 Ned5 21. Qf3 Qc7 22. Rab1 Rae8 23. Ne4 Qc6 24. Nxf6+ Qxf6 25. Rxe8 Rxe8 26. Qxd5 b6 27. Qd7 Rd8 28. Qc7 Rd2 29. Qg3 Rxc2 30. Rb3 Qe6 31. Rb4 Rc1+ 32. Kh2 Qe1 33. Qb8+ Kh7 34. Rh4+ Kg6 35. Qg3+ Kf6 36. Qf3+ Ke7 37. Re4+ Qxe4 38. Qxe4+ 1-0

[Event "Padron Pre-Mundial U10"]
[Site "Padron"]
[Date "2018.09.07"]
[Round "7"]
[White "Marcos Rodriguez, Raul"]
[Black "Costas Senlle, Noa"]
[Result "1-0"]
[WhiteElo "1283"]
[BlackElo "1149"]
[PlyCount "39"]
[EventDate "2018.09.03"]
[EventType "swiss"]
[EventRounds "9"]
[EventCountry "ESP"]
[SourceTitle "EXT 2024"]
[Source "ChessBase"]
[SourceDate "2023.10.10"]
[SourceVersion "1"]
[SourceVersionDate "2023.10.10"]
[SourceQuality "1"]

1. e4 c5 2. Nf3 d6 3. Bc4 Nf6 4. Nc3 g6 5. d3 Bg7 6. Be3 0-0 7. 0-0 Nc6 8. h3 Bd7 9. Qd2 a6 10. a4 Nb4 11. Bh6 Rb8 12. Bb3 b5 13. Qg5 Qc7 14. Nh4 c4 15. Na2 Nxa2 16. Bxa2 cxd3 17. cxd3 bxa4 18. Nxg6 hxg6 19. Qxg6 Nxe4 20. dxe4 1-0

[Event "Barcelona Sant Marti op-B 20th"]
[Site "Barcelona"]
[Date "2018.07.14"]
[Round "2"]
[White "Marcos Rodriguez, Raul"]
[Black "Caballero Ortin, Jorge"]
[Result "0-1"]
[WhiteElo "1360"]
[BlackElo "1628"]
[PlyCount "48"]
[EventDate "2018.07.13"]
[EventType "swiss"]
[EventRounds "9"]
[EventCountry "ESP"]
[SourceTitle "EXT 2019"]
[Source "ChessBase"]
[SourceDate "2018.10.10"]
[SourceVersion "1"]
[SourceVersionDate "2018.10.10"]
[SourceQuality "1"]

1. Nf3 c5 2. g3 d5 3. Bg2 Nc6 4. b3 e5 5. Bb2 e4 6. Ne5 Qf6 7. Nc4 Qh6 8. Ne3 Be6 9. d3 0-0-0 10. c4 dxc4 11. Nxc4 f5 12. Nbd2 Nf6 13. Qc2 exd3 14. exd3 Nb4 15. Qc3 Nxd3+ 16. Kd1 Bxc4 17. Qxc4 Nxb2+ 18. Ke1 Qxd2+ 19. Kf1 Nxc4 20. bxc4 Ng4 21. Bxb7+ Kb8 22. Kg2 Rd6 23. Bd5 Qxf2+ 24. Kh3 Rh6# 0-1